MotoGP Rookie de l'année - Statistiques

Statistiques générales
  • Ce quiz a été pris 51 fois
  • Le résultat moyen est 14 sur 24
Statistiques - réponses
An Équipe Points Durant l'année Position Pilotes Pays % Correct
2019 Yamaha SRT 192 7 podiums, 6 poles 5eme Fabio Quartararo France
98%
2017 Yamaha Tech 3 174 3 podiums, 2 poles 6eme Johann Zarco France
98%
2013 Repsol Honda 334 6 victoires, 16 podiums 1er Marc Marquez Espagne
98%
2025 Ducati Gresini 214 1 victoire, 3 podiums 8eme Fermin Aldeguer Espagne
93%
2021 Ducati Pramac 111 1 victoire, 4 poles4 podiums 9eme Jorge Martin Espagne
88%
2024 KTM GasGas 215 5 podiums 6eme Pedro Acosta Espagne
88%
2020 Red Bull KTM 87 1 victoire 11eme Brad Binder Afrique du Sud
85%
2022 Ducati VR46 111 1 podium 14eme Marco Bezzecchi Italie
85%
2023 KTM GasGas 71 Une quatrième place 17eme Augusto Fernandez Espagne
70%
2008 Fiat Yamaha 190 1 victoire, 4 poles6 podiums 4eme Jorge Lorenzo Espagne
68%
2015 Suzuki Ecstar 97 Six Top10 12eme Maverick Viñales Espagne
63%
2014 Yamaha Tech 3 136 Une quatrième place 6eme Pol Espargaro Espagne
63%
2006 Repsol Honda 215 2 victoires, 4 poles8 podiums 5eme Dani Pedrosa Espagne
55%
2018 Honda VDS 50 Deux Top10 15eme Franco Morbidelli Italie
53%
2012 LCR Honda 135 Quatre top5 8eme Stefan Bradl Allemagne
45%
2011 Yamaha Tech 3 70 Une quatrième place 12eme Cal Crutchlow Royaume-Uni
43%
2016 Honda VDS 29 Deux Top10 21eme Esteve Rabat Espagne
35%
2003 Repsol Honda 130 Deux podiums 5eme Nicky Hayden Etats-Unis
35%
2010 Yamaha Tech 3 176 2 podiums, 1 pole 6eme Ben Spies Etats-Unis
25%
2009 Ducati 71 2 teams dans l'année 15eme Mika Kallio Finlande
25%
2005 Fortuna Yamaha 74 Loupe 3 courses 12eme Toni Elias Espagne
20%
2007 Yamaha Tech 3 50 Une quatrième place 16eme Sylvain Guintoli France
18%
2002 Fortuna Honda 117 2 podiums, 1 pole,1 tour rapide 7eme Daijiro Kato Japon
13%
2004 Ducati d'Antin 77 1 podium 11eme Ruben Xaux Espagne
0%
Aucun quiz correspondant
Distribution des résultats
% des personnes avec chaque résultat
Percentile par nombre de réponses
Votre historique - résultats
Vous n’avez pas pris ce quiz